Iget Bar Vape Flavours Part 1 - Statistics

General Stats
  • This quiz has been taken 337 times
  • The average score is 7 of 15
Answer Stats
Picture Answer % Correct
Grape Ice
87%
Strawberry Raspberry
85%
Banana Ice
73%
Cola Ice
66%
Blueberry Ice
65%
mango Ice
64%
Pineapple Ice
50%
Melon Ice
38%
Ice cream
37%
Passion fruit kiwi guava
32%
Cherry Pomegranate
27%
Strawberry Watermelon Ice
25%
Raspberry Grape
15%
Blackberry Raspberry Lemon
6%
Banana Pomegranate Cherry Ice
5%
No matching quizzes found
Score Distribution
Percent of People with Each Score
Percentile by Number Answered
Your Score History
You have not taken this quiz